How to be brilliant / (Record no. 38223)

MARC details
000 -LEADER
fixed length control field 00739nam a22002177a 4500
005 - DATE AND TIME OF LATEST TRANSACTION
control field 20100730112439.0
010 ## - LCCN (DPL NO)
LC control number ENG-97462
020 ## - INTERNATIONAL STANDARD BOOK NUMBER
International Standard Book Number 9788131725054
Terms of availability 250.00
035 ## - SYSTEM CONTROL NUMBER
System control number EN-80995
037 ## - SOURCE OF ACQUISITION
Source of stock number/acquisition DBAD/PUB
082 ## - DEWEY DECIMAL CLASSIFICATION NUMBER
Classification number 158.1
100 ## - MAIN ENTRY--PERSONAL NAME
Personal name Heppell, Michael
245 ## - TITLE STATEMENT
Title How to be brilliant /
Statement of responsibility, etc by Michael Heppell
250 ## - EDITION STATEMENT
Edition statement 2nd ed
260 ## - PUBLICATION, DISTRIBUTION, ETC. (IMPRINT)
Place of publication, distribution, etc New Delhi
Name of publisher, distributor, etc Pearson Education
Date of publication, distribution, etc 2009
270 ## - ADDRESS
Address 14 Local Shoping Centre, Panchsheel Park
City New Delhi
Postal code 110017
300 ## - PHYSICAL DESCRIPTION
Extent xv 176 p. :
Dimensions 24 cm (Pbk)
Other physical details ill
700 ## - ADDED ENTRY--PERSONAL NAME
9 (RLIN) 1706
942 ## - ADDED ENTRY ELEMENTS (KOHA)
Source of classification or shelving scheme Dewey Decimal Classification
Item type English Books
Classification part 158.1
Call number suffix HEP
Holdings
Withdrawn status Lost status Not for loan Collection code Home library Current library Date acquired Cost, normal purchase price Full call number Barcode Copy number Cost, replacement price Koha item type
    Not For Loan Non-fiction D.B.Act.Division D.B.Act.Division 30/07/2010 250.00 158.1 HEP EN-80995 1 250.00 English Books

© Delhi Public Library
Hit Counter
free hit counter